000 00548nam a2200181Ia 4500
005 20250508154743.0
008 008 250505s9999 xx 000 0 eng d
037 _aTextual
040 _aFEDL
_beng
_cFEDL
041 _aeng
_2eng
084 _a330.19609548, NAT
_qFEDL
245 0 _aTechno-economic survey of Pondicherry
260 _aNew Delhi, India
_bNational Council of Applied Economic Research
_c1965
300 _axi,147p.
650 _aEconomics
942 _cTEXL
_h330.19609548, NAT
999 _c1351975
_d1351975